| 000 | 00780nam a22002417a 4500 | ||
|---|---|---|---|
| 005 | 20170124110034.0 | ||
| 010 | _aA-060573 | ||
| 020 |
_a0850384778 _c00.00 |
||
| 035 | _aA-060573 | ||
| 037 | _bCen Lib/Ret | ||
| 040 |
_aDPL _bEN |
||
| 082 |
_a371.2 _bJOH |
||
| 100 |
_aJohnstone, James N _9102502 |
||
| 245 |
_aIndicators of education system / _cby James N Johnstone |
||
| 260 |
_aLondon _bKogan Page _c1981 |
||
| 270 |
_a120, Pentonville Road _bLondon _eN1 9JN |
||
| 300 |
_axvii,317p. : _c22cm(Hb) _bill. |
||
| 490 | _aInternational institute for educational planning | ||
| 500 | _aIncludes bibliographical references and index. | ||
| 650 |
_aSocial indicators _9102503 |
||
| 650 |
_aEducation--Social aspects _98711 |
||
| 942 |
_2ddc _cEN _h371.2 _mJOH |
||
| 999 |
_c128102 _d128102 |
||